00386nam a2200133 a 45000010010000000030011000100080041000210350026000620820014000881000024001022450063001262600051001896500012002400000-8678ELIB.Books110520 1979  a(ELIB.Books)0000-8824 a266 bHoc aHockstra, Harvey T. aThe World Council of Churches and the Demise of Evangelism bWheaton: Tyndale House Publishers, Inc. c1979 aMission